000 00369pab a2200157 454500
008 180718b2012 xxu||||| |||| 00| 0 eng d
100 _aHondius, Ewoud
245 _aThe innovative nature of consumer law
260 _c2012
300 _ap.165-173.
362 _aJun
650 _aConsumers
773 _aJournal of Consumer Policy
908 _aN
909 _a97136
999 _c97136
_d97136